Library of the University of Algiers 3
Ibrahim Sultan Cheibout
شعار جامعة الجزائر 3
مكتبة جامعة الجزائر 3
إبراهيم سلطان شيبوط

المعايير المحاسبية الدولية IFRSs2 : (رقم التسجيلة. 41374)

تفاصيل مارك
000 -LEADER
fixed length control field 03396nam a2200229Ia 4500
003 - CONTROL NUMBER IDENTIFIER
control field Ost
005 - DATE AND TIME OF LATEST TRANSACTION
control field 20260416102400.0
008 - FIXED-LENGTH DATA ELEMENTS--GENERAL INFORMATION
fixed length control field 260416s9999||||xx |||||||||||||| ||und||
040 ## - CATALOGING SOURCE
Transcribing agency fsecg
041 ## - LANGUAGE CODE
Language code of text/sound track or separate title ara
082 ## - DEWEY DECIMAL CLASSIFICATION NUMBER
Classification number 657.96
100 ## - MAIN ENTRY--PERSONAL NAME
Personal name زواتنية ، عبد القادر
Relator term مؤلف
245 #0 - TITLE STATEMENT
Title المعايير المحاسبية الدولية IFRSs2 :
Remainder of title موجهة الى طلبة السنة اولى (01) ماستر تخصص:محاسبة و تدقيق /
Statement of responsibility, etc. عبد القادر زواتنية
260 ## - PUBLICATION, DISTRIBUTION, ETC.
Place of publication, distribution, etc. الجزائر
Name of publisher, distributor, etc. جامعة الجزائر3: كلية العلوم الإقتصادية، العلوم التجارية وعلوم التسيير
Date of publication, distribution, etc. 2022
300 ## - PHYSICAL DESCRIPTION
Extent 126 ورقة
Other physical details ايضاحات
Dimensions 30 سم
504 ## - BIBLIOGRAPHY, ETC. NOTE
Bibliography, etc. note المراجع ص.120
520 ## - SUMMARY, ETC.
Summary, etc. مدخل إلى المعايير المحاسبية الدولية، معيار الابلاغ المالي الدولي رقم 1(IFRS01 ) :تبني معايير الإبلاغ المالي الدولية لأول مرة،معيار الابلاغ المالي الدولي رقم 2 (IFRS2) :المدفوعات على أساس الأسهم ، معيار الابلاغ المالي الدولي رقم 3 (IFRS3 ) :اندماج الأعمال،معيار الابلاغ المالي الدولي رقم 5 (IFRS5 ): الاصول غير المتداولة المحتفظ بها للبيع و العمليات المتوقفة ، معيار الابلاغ المالي الدولي رقم 6 (IFRS6 ) :الكشف عن المصادر المعدنية (الطبيعية) و تقييمها ، معيار الابلاغ المالي الدولي رقم 6 (IFRS6) ، معيار الابلاغ المالي الدولي رقم 6 (IFRS6 ) ، معيار الابلاغ المالي الدولي رقم 7 (IFRS7 ) : الادوات المالية : الافصاحات ، معيار الابلاغ المالي الدولي رقم 8 (IFRS8) :القطاعات التشغيلية ،معيار الابلاغ المالي الدولي رقم 9 (IFRS9): الادوات المالية ، معيار الابلاغ المالي الدولي رقم 10 (IFRS10) القوائم المالية الموحدة:، معيار الابلاغ المالي الدولي رقم 11(IFRS11) :الترتيبات المشتركة، معيار الابلاغ المالي الدولي رقم 12 (IFRS12) :الافصاح عن المصالح في المنشآت الاخرى، معيار الابلاغ المالي الدولي رقم 13 (IFRS13) :قياس القيمة العادلة ، معيار الابلاغ المالي الدولي رقم 14(IFRS14) :الحسابات القانونية المؤجلة (الحسابات المؤجلة الناتجة عن تحديد الأسعار تنظيميا)،معيار الابلاغ المالي الدولي رقم 15 (IFRS15):الايراد من العقود مع العملاء ، معيار الابلاغ المالي الدولي رقم 16 (IFRS16) :عقود الايجار ،معيار الابلاغ المالي الدولي رقم 17 (IFRS17) :عقود التأمين .
653 ## - INDEX TERM--UNCONTROLLED
Uncontrolled term معايير الابلاغ المالي الدولية IFRS
653 ## - INDEX TERM--UNCONTROLLED
Uncontrolled term معايير المحاسبة الدولية
710 ## - ADDED ENTRY--CORPORATE NAME
Corporate name or jurisdiction name as entry element جامعة الجزائر3: كلية العلوم الإقتصادية، العلوم التجارية وعلوم التسيير
Relator term ناشر علمي
942 ## - ADDED ENTRY ELEMENTS (KOHA)
Koha item type مطبوعات
المقتنيات
Withdrawn status Lost status Source of classification or shelving scheme Damaged status Not for loan Home library Current library Date acquired Serial enumeration / chronology Inventory number Total checkouts Full call number Barcode Date last seen Price effective from Koha item type
    Dewey Decimal Classification   NOT LOAN / إعارة داخلية مكتبة كلية العلوم الإقتصادية والعلوم التجارية وعلوم التسيير مكتبة كلية العلوم الإقتصادية والعلوم التجارية وعلوم التسيير 16/04/2026 الطابق الثاني مط.660-1   مط.660 ن1 مط.660-1 16/04/2026 16/04/2026 مطبوعات

موارد الويب المفتوحة


© University of Algiers 3 All Rights Reserved
|
Implemented by LECHELAH Riad